| 000 | 00484nam a2200169Ia 4500 | ||
|---|---|---|---|
| 003 | GCL | ||
| 008 | 140319s9999 xx 000 0 eng d | ||
| 040 |
_aGCL / _cGCL |
||
| 082 | 0 | 4 |
_a004.67 _bM H |
| 100 | 1 | _aMAURER, HERMANN | |
| 245 | 1 | 0 |
_aHYPER - G NOW HYPER WAVE: THE NEXT GENERATION WEB SOLUTION / _cMAURER, HERMANN |
| 260 |
_a[S.N] : _bADDISON - WESLEY PUBLISHING COMPANY ، _c1996 |
||
| 300 | _a635 P | ||
| 650 | 0 | 4 | _aشعر الحرب |
| 650 | 0 | 4 | _aNET WORK |
| 942 |
_2ddc _cBK |
||
| 999 |
_c14792 _d14792 |
||